000 00384nab a22001097u 4500
008 130520b2003 xxu||||| |||| 00| 0 spa d
041 _aspa
100 1 _aPace, Enzo
_910750
245 0 0 _aCreced y multiplicaos: del organicismo a la pluralidad de los modelos en el catolicismo contemporaneo
_cEnzo Pace
773 0 _tConcilium
_gnº301,2003,págs. 79-92
_x0210-1041
_wRev134
942 _cAR
999 _c365038
_d365038